| 000 | 00386nam a2200145 4500 | ||
|---|---|---|---|
| 999 |
_c3905 _d3905 |
||
| 008 | 200707b ||||| |||| 00| 0 eng d | ||
| 082 | 0 | 0 |
_a620.1 _bJ956 |
| 100 |
_93214 _aJunnarkar, S. B. |
||
| 245 | 1 | 0 |
_aElements of applied mechanics / _cby S. B. Junnarkar |
| 250 | _a12 th rev ed. | ||
| 260 |
_aanand _bCharotar _c1984 |
||
| 300 | _axx, 661 p. | ||
| 650 | 0 | _aMechanics | |
| 942 |
_2ddc _cBK |
||